LEADER 01417nam--2200421---450- 001 990000537020203316 005 20060412110457.0 010 $a88-7689-065-3 011 $a0391-9293 035 $a0053702 035 $aUSA010053702 035 $a(ALEPH)000053702USA01 035 $a0053702 100 $a20010702d1991----km-y0itay0103----ba 101 $aita 102 $aIT 105 $a||||||||001yy 200 1 $aEllenismo e romanizzazione nella 10. regio$ela scultura delle élites locali dall'etą repubblicana ai Giulio-Claudi$fMario Denti 210 $aRoma$cG. Bretschneider$d1991 215 $a377 p., 1 c. di tav., 100 p. di tav.$cill.$d30 cm 225 2 $aArcheologica$v97 410 $12001$aArcheologica$v97 461 1$1001-------$12001 606 0 $aScultura romana$yVeneto$xInflussi ellenistici$zSec. 2. a.C.-1. 606 0 $aScultura romana$yIstria$xInflussi ellenistici$zSec. 2. a.C.-1. 676 $a733.509373 700 1$aDENTI,$bMario$031343 801 0$aIT$bsalbc$gISBD 912 $a990000537020203316 951 $aXI.5. Coll.15/ 64(X B COLL. 42/97)$b105794 LM$cX B COLL. 959 $aBK 969 $aUMA 979 $aPATTY$b90$c20010702$lUSA01$h1441 979 $c20020403$lUSA01$h1703 979 $aPATRY$b90$c20040406$lUSA01$h1637 979 $aCOPAT6$b90$c20060412$lUSA01$h1104 996 $aEllenismo e romanizzazione nella 10. Regio$9488325 997 $aUNISA LEADER 01229nam 2200373Ia 450 001 996385743803316 005 20221108061845.0 035 $a(CKB)1000000000605510 035 $a(EEBO)2241009498 035 $a(OCoLC)12711279 035 $a(EXLCZ)991000000000605510 100 $a19851023d1698 uy | 101 0 $alat 135 $aurbn||||a|bb| 200 10$aCaspari Bartholini Thom. F. Specimen philosophię naturalis$b[electronic resource] $epręcipua physices capita exponens ... : accedit De fontium fluviorumque origine ex pluviis, dissertatio physica 210 $aOxoniae $cTypis Leon. Lichfield, impensis Henr. Clements$d1698 215 $a[15], 175, [5], 26 p 300 $aReproduction of original in British Library. 330 $aeebo-0018 606 $aPhysics$vEarly works to 1800 606 $aRivers 606 $aRain and rainfall 615 0$aPhysics 615 0$aRivers. 615 0$aRain and rainfall. 700 $aBartholin$b Caspar$f1655-1738.$0716514 801 0$bEAA 801 1$bEAA 801 2$bm/c 801 2$bWaOLN 906 $aBOOK 912 $a996385743803316 996 $aCaspari Bartholini Thom. F. Specimen philosophię naturalis$92371996 997 $aUNISA